000 00644nam a2200229Ia 4500
001 18435
003 GE_BSU
008 181216s||||||||xx |||||||||||||| ||und||
020 _a9780273749936
040 _cGE_BSU
080 _a331
100 _aTrought, Frances
245 _aBrilliant Employability skills
245 _bHow to Stand Out from the Crowd in the Graduate Job Market
260 _aHarlow
260 _bPearson
260 _c2012
300 _a159 p. 22 cm.
653 _aBrilliant Employability skills
653 _aBrilliant Employability Skills: How to Stand Out from the Crowd in the Graduate Job Market
942 _cBK
999 _c51449
_d51449